[Event "Udmurtia-ch"]
[Site "Izhevsk"]
[Date "2008.12.15"]
[Round "5"]
[White "Bronnikov, Konstantin Alexandr"]
[Black "Sakharov, Lev"]
[Result "0-1"]
[WhiteElo "2285"]
[BlackElo "2076"]
[PlyCount "98"]
[EventDate "2008.12.12"]
[EventType "tourn"]
[EventRounds "11"]
[EventCountry "RUS"]
[SourceTitle "EXT 2010"]
[Source "ChessBase"]
[SourceDate "2010.11.25"]
[SourceVersion "1"]
[SourceVersionDate "2010.11.25"]
[SourceQuality "1"]

1. e4 c6 2. d4 d5 3. f3 dxe4 4. fxe4 e5 5. Nf3 exd4 6. Bc4 Be6 7. Bxe6 fxe6 8. Qxd4 Qxd4 9. Nxd4 e5 10. Ne6 Na6 11. Nxf8 Kxf8 12. Rf1+ Ke7 13. Be3 Nf6 14. Nc3 Rhd8 15. Ke2 Ke6 16. a3 Nc7 17. Rad1 Rxd1 18. Rxd1 Nce8 19. Bg5 Nd6 20. Bxf6 gxf6 21. a4 Rg8 22. Kf3 f5 23. g3 fxe4+ 24. Ke2 h5 25. Rg1 Rg4 26. h3 Rg7 27. b3 b6 28. Kf2 Rf7+ 29. Ke2 Rf8 30. Rf1 Nf5 31. Ke1 Rg8 32. Nxe4 Nxg3 33. Nxg3 Rxg3 34. h4 Rh3 35. Rg1 Rxh4 36. Rg7 a5 37. Rb7 Rb4 38. Ke2 Kd6 39. Rh7 Rh4 40. Rb7 Kc5 41. c3 Rh2+ 42. Ke3 Rb2 43. Rh7 Rxb3 44. Kd3 e4+ 45. Kxe4 Rxc3 46. Rxh5+ Kb4 47. Kd4 c5+ 48. Kd5 Kxa4 49. Kc6 b5 0-1

[Event "PriFR-ch U16"]
[Site "Penza"]
[Date "2008.11.08"]
[Round "6"]
[White "Ostanin, Vadim"]
[Black "Sakharov, Lev"]
[Result "1-0"]
[WhiteElo "2243"]
[BlackElo "2077"]
[PlyCount "65"]
[EventDate "2008.11.03"]
[EventType "swiss"]
[EventRounds "9"]
[EventCountry "RUS"]
[SourceTitle "EXT 2022"]
[Source "ChessBase"]
[SourceDate "2021.10.06"]
[SourceVersion "1"]
[SourceVersionDate "2021.10.06"]
[SourceQuality "1"]

1. e4 c6 2. d4 d5 3. e5 c5 4. dxc5 Nc6 5. Bb5 e6 6. Be3 Nge7 7. c3 Bd7 8. Bxc6 Bxc6 9. Bd4 g5 10. Ne2 Ng6 11. Ng3 Nf4 12. 0-0 h5 13. Ne2 Bb5 14. Nxf4 gxf4 15. Re1 Qg5 16. Qf3 Rg8 17. Na3 Bd3 18. Rad1 Bf5 19. h3 Qg6 20. Kf1 Bh6 21. Nb5 Be4 22. Nd6+ Kd7 23. Nxe4 dxe4 24. Rxe4 Kc7 25. b4 Rg7 26. b5 Rag8 27. b6+ Kb8 28. bxa7+ Ka8 29. c6 Qxg2+ 30. Qxg2 Rxg2 31. cxb7+ Kxb7 32. Rb1+ Ka8 33. Rb8+ 1-0

[Event "PriFR-ch U16"]
[Site "Penza"]
[Date "2008.11.07"]
[Round "5"]
[White "Toropov, Pavel"]
[Black "Sakharov, Lev"]
[Result "1/2-1/2"]
[WhiteElo "2150"]
[BlackElo "2077"]
[PlyCount "140"]
[EventDate "2008.11.03"]
[EventType "swiss"]
[EventRounds "9"]
[EventCountry "RUS"]
[SourceTitle "EXT 2022"]
[Source "ChessBase"]
[SourceDate "2021.10.06"]
[SourceVersion "1"]
[SourceVersionDate "2021.10.06"]
[SourceQuality "1"]

1. a3 Nf6 2. d4 c5 3. dxc5 e6 4. b4 a5 5. c3 b6 6. cxb6 axb4 7. Qb3 Ne4 8. Be3 Nc5 9. Qb2 Na4 10. Qb3 Nc5 11. Qb2 Na4 12. Qb3 Nc5 13. Qd1 bxc3 14. Nxc3 Qxb6 15. Rb1 Qa5 16. Bd2 Qd8 17. Nf3 Nc6 18. e3 Rxa3 19. Be2 Be7 20. 0-0 0-0 21. Nd4 Ba6 22. Ncb5 Nxd4 23. Nxd4 Bxe2 24. Qxe2 Ra2 25. Qd1 Ne4 26. Be1 Qa8 27. Nb5 d5 28. Nc3 Nxc3 29. Bxc3 Rc8 30. Bd4 Rac2 31. Qg4 Bf8 32. h4 Qa2 33. Qg3 R2c6 34. h5 Qc2 35. h6 Qg6 36. hxg7 Bxg7 37. Qf4 Rc4 38. Rb8 Bxd4 39. Rxc8+ Rxc8 40. Qxd4 Rc4 41. Qe5 Re4 42. Qb2 e5 43. Qb5 d4 44. Re1 Qg5 45. Qd5 Qf5 46. Qb5 Qf6 47. Qa4 Kg7 48. Qc2 Rg4 49. Qe2 Rg5 50. exd4 exd4 51. Qe4 h5 52. Qd3 Rg4 53. Re4 Kf8 54. Qa3+ Kg7 55. Qd3 Qd6 56. Kf1 Qd5 57. Rxg4+ hxg4 58. g3 f5 59. Qa6 Qh1+ 60. Ke2 Qf3+ 61. Ke1 d3 62. Qa7+ Kf6 63. Qb6+ Kf7 64. Qe3 Qxe3+ 65. fxe3 Ke6 66. Kd2 Ke5 67. Kxd3 Kd5 68. Kd2 Kc4 69. Kc2 Kd5 70. Kd3 Ke5 1/2-1/2

[Event "PriFR-ch U16"]
[Site "Penza"]
[Date "2008.11.05"]
[Round "3"]
[White "Sakharov, Lev"]
[Black "Davydov, Stepan"]
[Result "1-0"]
[WhiteElo "2077"]
[BlackElo "2176"]
[PlyCount "81"]
[EventDate "2008.11.03"]
[EventType "swiss"]
[EventRounds "9"]
[EventCountry "RUS"]
[SourceTitle "EXT 2022"]
[Source "ChessBase"]
[SourceDate "2021.10.06"]
[SourceVersion "1"]
[SourceVersionDate "2021.10.06"]
[SourceQuality "1"]

1. d4 d5 2. c4 c6 3. Nc3 Nf6 4. Nf3 dxc4 5. a4 Bf5 6. e3 e6 7. Bxc4 Bb4 8. 0-0 Nbd7 9. Bd2 0-0 10. Ne4 Bxd2 11. Nxf6+ Qxf6 12. Qxd2 Rfd8 13. Bd3 e5 14. Bxf5 Qxf5 15. Qb4 b6 16. Rfd1 e4 17. Ne1 Nf6 18. a5 Rab8 19. Rdc1 Nd5 20. Qd2 Rd6 21. Rc4 Ne7 22. Qc2 Qd5 23. axb6 axb6 24. Ra7 Rd7 25. Rxd7 Qxd7 26. Qxe4 Ra8 27. Rc1 f5 28. Qc2 Kh8 29. Nd3 Qd5 30. h3 h6 31. Nf4 Qb5 32. Nd3 Rf8 33. Qc3 Rf6 34. Qa3 Nd5 35. Ne5 Kh7 36. g3 Kh8 37. Nd7 Rf7 38. Ne5 Rf6 39. h4 h5 40. Nxc6 Qe2 41. Ne5 1-0

[Event "Izhevsk Krasnoperov Memorial"]
[Site "Izhevsk"]
[Date "2008.09.??"]
[Round "2"]
[White "Sakharov, Lev"]
[Black "Kochurov, Dmitry"]
[Result "0-1"]
[WhiteElo "2114"]
[BlackElo "2313"]
[PlyCount "62"]
[EventDate "2008.09.??"]
[EventType "tourn"]
[EventRounds "9"]
[EventCountry "RUS"]
[SourceTitle "EXT 2010"]
[Source "ChessBase"]
[SourceDate "2010.11.25"]
[SourceVersion "1"]
[SourceVersionDate "2010.11.25"]
[SourceQuality "1"]

1. c4 Nf6 2. g3 g6 3. Bg2 d5 4. cxd5 Nxd5 5. Nc3 Nxc3 6. bxc3 Bg7 7. Nf3 0-0 8. h4 h6 9. Qc2 Bf5 10. d3 c5 11. Be3 Nd7 12. Rb1 Qc7 13. 0-0 Rae8 14. Rfe1 b6 15. c4 e5 16. Nd2 Be6 17. Ne4 f5 18. Nc3 f4 19. Bd2 Nf6 20. Ne4 Bf5 21. Nxf6+ Bxf6 22. Bd5+ Kg7 23. e4 Bg4 24. Kg2 f3+ 25. Kh2 Qe7 26. Rh1 g5 27. Kg1 gxh4 28. gxh4 Bxh4 29. Kf1 Bg5 30. Rg1 Bh3+ 31. Ke1 Bg2 0-1

[Event "Izhevsk Krasnoperov Memorial"]
[Site "Izhevsk"]
[Date "2008.09.??"]
[Round "6"]
[White "Sakharov, Lev"]
[Black "Lykov, Sergey"]
[Result "1-0"]
[WhiteElo "2114"]
[BlackElo "2271"]
[PlyCount "129"]
[EventDate "2008.09.??"]
[EventType "tourn"]
[EventRounds "9"]
[EventCountry "RUS"]
[SourceTitle "EXT 2010"]
[Source "ChessBase"]
[SourceDate "2010.11.25"]
[SourceVersion "1"]
[SourceVersionDate "2010.11.25"]
[SourceQuality "1"]

1. d4 d6 2. Nf3 g6 3. c4 Bg7 4. Nc3 Nf6 5. g3 0-0 6. Bg2 c5 7. 0-0 Nc6 8. d5 Na5 9. Nd2 e5 10. a3 b6 11. e4 Ng4 12. b4 Nb7 13. Nb3 f5 14. b5 f4 15. a4 h5 16. Bd2 h4 17. Qe2 Bd7 18. h3 Nxf2 19. g4 f3 20. Qxf2 fxg2 21. Qxg2 Bf6 22. Bh6 Bg7 23. Be3 Bf6 24. Bh6 Bg7 25. Qd2 Qe7 26. Bg5 Bf6 27. Rxf6 Rxf6 28. Bxf6 Qxf6 29. Rf1 Qe7 30. Qh6 Qg7 31. Qxh4 Rf8 32. Qg5 Rf4 33. Nd2 Be8 34. Ne2 Rxf1+ 35. Kxf1 Qf7+ 36. Kg2 Kg7 37. Nb3 Bd7 38. Qd2 Qf6 39. a5 Nd8 40. axb6 axb6 41. Qe3 Nf7 42. Nd2 Qd8 43. Qa3 Qb8 44. Nf3 Bc8 45. Kg3 Bd7 46. Qa1 Bc8 47. Nc1 Bd7 48. Nd3 Kg8 49. Nf2 Kg7 50. h4 Nh6 51. g5 Nf7 52. Nh2 Bc8 53. Nhg4 Nd8 54. Nf6 Nf7 55. N2g4 Qb7 56. Qa3 Qb8 57. Qf3 Bxg4 58. Nxg4 Qd8 59. Qf6+ Kf8 60. Qxg6 Qa8 61. Nf6 Ke7 62. Qg8 Qa3+ 63. Kg4 Nh6+ 64. gxh6 Qg3+ 65. Kxg3 1-0

[Event "Izhevsk Krasnoperov Memorial"]
[Site "Izhevsk"]
[Date "2008.09.??"]
[Round "4"]
[White "Sakharov, Lev"]
[Black "Nelyubin, Grigory"]
[Result "1/2-1/2"]
[WhiteElo "2114"]
[BlackElo "2065"]
[PlyCount "82"]
[EventDate "2008.09.??"]
[EventType "tourn"]
[EventRounds "9"]
[EventCountry "RUS"]
[SourceTitle "EXT 2010"]
[Source "ChessBase"]
[SourceDate "2010.11.25"]
[SourceVersion "1"]
[SourceVersionDate "2010.11.25"]
[SourceQuality "1"]

1. e4 c5 2. Nf3 Nc6 3. d4 cxd4 4. Nxd4 Nf6 5. Nc3 e5 6. Ndb5 d6 7. Nd5 Nxd5 8. exd5 Nb8 9. c4 a6 10. Nc3 g6 11. Be2 Bg7 12. 0-0 Nd7 13. Be3 0-0 14. Rc1 f5 15. f3 g5 16. Qd2 h6 17. b4 e4 18. fxe4 f4 19. Bd4 Ne5 20. Rcd1 Qf6 21. Na4 Bd7 22. Nb6 Rad8 23. Nxd7 Rxd7 24. Bg4 Rdf7 25. Be6 Qg6 26. Qe2 Kh8 27. Bxf7 Rxf7 28. c5 g4 29. c6 f3 30. Qc2 bxc6 31. dxc6 Rc7 32. Bxe5 Bxe5 33. gxf3 gxf3+ 34. Kh1 Rxc6 35. Qf2 Rc3 36. Rfe1 Qg5 37. Qd2 Qh4 38. Rf1 Rd3 39. Qc2 Rxd1 40. Qc8+ Kg7 41. Qd7+ Kf8 1/2-1/2

[Event "Nezhmetdinov Memorial 30th"]
[Site "Kazan"]
[Date "2008.06.05"]
[Round "5"]
[White "Sakharov, Lev"]
[Black "Imamov, Ildar"]
[Result "1-0"]
[WhiteElo "2094"]
[BlackElo "2268"]
[PlyCount "69"]
[EventDate "2008.06.01"]
[EventType "swiss"]
[EventRounds "9"]
[EventCountry "RUS"]
[SourceTitle "EXT 2009"]
[Source "ChessBase"]
[SourceDate "2008.11.26"]
[SourceVersion "1"]
[SourceVersionDate "2008.11.26"]
[SourceQuality "1"]

1. d4 d5 2. c4 c6 3. Nf3 Nf6 4. Nc3 e6 5. Bg5 Be7 6. e3 0-0 7. Qc2 Nbd7 8. cxd5 exd5 9. Bd3 Re8 10. 0-0 Nf8 11. Rab1 Ng6 12. b4 Ne4 13. Bxe7 Qxe7 14. b5 Bd7 15. bxc6 Bxc6 16. Qb3 Nxc3 17. Qxc3 a6 18. Rfc1 Rac8 19. Qb3 Qe6 20. Rc5 Rb8 21. Rbc1 Qd6 22. Bxa6 Ra8 23. Bb5 Bxb5 24. Rxb5 Ra3 25. Qxd5 Qxd5 26. Rxd5 Rxa2 27. Rd7 Rb8 28. h3 b5 29. Rcc7 Nh8 30. Rb7 Ra1+ 31. Kh2 Raa8 32. Ne5 Ng6 33. Nxg6 hxg6 34. Rxf7 b4 35. Rxg7+ 1-0